Insect diets science and technology

Guardat en:
Dades bibliogràfiques
Autor principal: COHEN, Allen Carson
Format: Llibre
Idioma:anglès
Publicat: CRC Press 2015
Etiquetes: Afegir etiqueta
Sense etiquetes, Sigues el primer a etiquetar aquest registre!

MARC

LEADER 00000nam a22000007a 4500
008 231103b |||||||| |||| 00| 0 eng d
020 |a 9781466591943 
100 |a COHEN, Allen Carson 
245 |a Insect diets  |b science and technology  |c /Allen Carson Cohen  |g xxx, 439p;ill 
250 |b 3rd 
260 |b CRC Press  |c 2015  |h Boca Raton, FL  |i 70082  |i 70083  |l SF518.C66  |m Insects- Feeding and feeds  |m Insect rearing 
500 |a it includes references and index 
942 |a lcc  |c BK  |e Johnson  |f 03/11/23 
952 |0 0  |1 0  |2 lcc  |4 0  |6 SF0518 C66  |7 0  |9 4621  |a AG  |b HOL  |c QZ  |d 2023-11-03  |l 0  |o SF518.C66  |p 2023-0540  |r 2023-11-03 00:00:00  |t 700882  |w 2023-11-03  |y BK 
952 |0 0  |1 0  |2 lcc  |4 0  |6 SF0518 C66  |7 0  |9 4622  |a HOL  |b HOL  |c QZ  |d 2023-11-03  |l 0  |o SF518.C66  |p 2023-0541  |r 2023-11-03 00:00:00  |t 700883  |w 2023-11-03  |y BK 
999 |c 2317  |d 2317